| 000 | 01479nam a22001817a 4500 | ||
|---|---|---|---|
| 003 | OSt | ||
| 008 | 230506b |||||||| |||| 00| 0 eng d | ||
| 041 | _aMAL | ||
| 082 |
_a158.1 _bPRA/LI |
||
| 100 |
_aPrasanth Nair _aപ്രശാന്ത് നായർ _95421 |
||
| 245 |
_aLife buoy _bലൈഫ് ബോയ് |
||
| 250 | _a2 | ||
| 260 |
_aKottayam _bDCBOOKS _c2022 |
||
| 300 | _a216 | ||
| 500 | _aself help | ||
| 520 | _aഅനുഭവങ്ങൾക്കും അപ്പുറം ജീവിതത്തെപ്പറ്റിയുള്ള വീക്ഷണങ്ങൾ ആണ് ഇത്തവണ പ്രശാന്തിന്റെ പുസ്തകത്തിന്റെ ഉള്ളടക്കം. വിജയവും പരാജയവും വാശിയും കുശുമ്പും ഉൾപ്പെടെ നിത്യജീവിതത്തിൽ നമ്മൾ എല്ലാവരും അനുഭവിക്കുന്ന പ്രശ്നങ്ങളെയാണ് അദ്ദേഹം കൈകാര്യം ചെയ്യുന്നത്. സൂക്ഷ്മമായ നിരീക്ഷണം, ആഴത്തിലുള്ള ചിന്ത, നിറഞ്ഞു നിൽക്കുന്ന നർമ്മബോധം, എളുപ്പമുള്ള ഭാഷ... ഇതൊക്കെക്കൊണ്ട് ഈ പുസ്തകം സമ്പുഷ്ടമാണ് | ||
| 942 | _cBK | ||
| 999 |
_c17659 _d17659 |
||